| 000 | 00778ngm a22002890a 4500 | ||
|---|---|---|---|
| 001 | PT28787 | ||
| 003 | AR-LpoUNG | ||
| 005 | 20210201232308.0 | ||
| 007 | co ||u|||uuuuu | ||
| 008 | 191001s2006||||xxk|||||||||||||||||eng d | ||
| 020 |
_a9780582840515 _c$100 |
||
| 040 |
_aAR-LpoUNG _bspa _cAR-LpoUNG _eaacr |
||
| 041 | _aeng | ||
| 044 | _axxk | ||
| 082 | 0 | _a428 774v2 | |
| 100 | 1 | _aTrappe, Tonya | |
| 245 | 1 | 0 |
_aIntelligent business : _bpre-intermediate business english : coursebook |
| 250 | _a1ra. ed. | ||
| 260 |
_aHarlow : _bPearson Educación, _c2006. |
||
| 650 | 4 | _aAPRENDIZAJE | |
| 650 | 4 | _aENSEÑANZA DE IDIOMAS | |
| 650 | 4 | _aLENGUA INGLESA | |
| 651 | 4 | _aDOCUMENTOS TEORICOS O METODOLOGICOS | |
| 700 | 1 | _aTullis, Graham | |
| 905 | _a28787 | ||
| 942 | _cCDDVD | ||
| 999 |
_c53275 _d53275 |
||